MARC

LEADER 00000nam0a2200000 4500
001 288713
005 20231102000121.0
020 |a RU  |b 85-68481ж 
035 |a (RuTPU)RU\TPU\book\313197 
035 |a RU\TPU\book\279916 
090 |a 288713 
100 |a 20150326d1985 k y0rusy5003 ca 
101 0 |a rus 
102 |a RU 
105 |a a z 001zy 
200 1 |a Механика импульсных процессов  |f Московское высшее техническое училище им. Н. Э. Баумана ; под ред. А. А. Федосова 
210 |a Москва  |c Изд-во МВТУ  |d 1985 
215 |a 68 с.  |c ил. 
225 1 |a Труды МВТУ  |v № 436 
320 |a Библиография в конце статей 
606 1 |a Импульсные процессы  |x Механика  |2 stltpush  |3 (RuTPU)RU\TPU\subj\12434  |9 39214 
610 1 |a аэродисперсные реагирующие среды 
610 1 |a ударная волна 
610 1 |a распространение 
610 1 |a кольца 
610 1 |a обжатие 
610 1 |a внешнее давление 
610 1 |a механика сплошной среды 
610 1 |a волновые задачи 
610 1 |a численное решение 
610 1 |a цилиндры 
610 1 |a повреждаемость 
610 1 |a импульсное нагружение 
610 1 |a импульсы 
610 1 |a трансформация 
610 1 |a пластины 
610 1 |a бетон 
610 1 |a динамическое деформирование 
675 |a 539.3:534  |v 4 
702 1 |a Федосов  |b А. А.  |4 340 
712 0 2 |a Московское высшее техническое училище им. Н. Э. Баумана  |2 stltpush  |3 (RuTPU)RU\TPU\col\3064 
801 0 |a RU  |b 63413507  |c 19950704  |g psbo 
801 1 |a RU  |b 63413507  |c 20071011  |g PSBO 
801 2 |a RU  |b 63413507  |c 20200828  |g PSBO 
942 |c BK